Представление документа в формате MARC21

Поле Инд. ПП Название Значение
Тип записи a
Библиографический уровень b
001 Контрольный номер RU/IS/BASE/308921757
005 Дата корректировки 20240403144211.0
008 Кодируемые данные 20091015
040 b Код языка каталог. rus
e Правила каталог. PSBO
041 0_ a Код языка текста rus
084 a Индекс другой классификации/Индекс ББК 60.563.05р30; 74.480.2; 86.21р30
100 1_ a Автор Гараджа В. И.
q Полное имя Гараджа Виктор Иванович
100 1_ a Автор Трофимов С. В.
q Полное имя Трофимов Сергей Викторович
100 1_ a Автор Гараджа Е. В.
q Полное имя Гараджа Елена Викторовна
245 10 a Заглавие Социология религии: научный и образовательный потенциал
504 a Библиография Библиогр.: с. 100
520 0_ a Аннотация В статье рассматриваются подходы к научной базе социологии религии как учебной дисциплины, сложившейся в практике преподавания социологии религии, путем сравнения учебных пособий ряда европейских стран, США и немногочисленных отечественных учебников, что дает возможность оценить опыт преподавания социологии религии в зарубежной и отечественной традициях и получить представление о современной постановке преподавания этой дисциплины в университетском образовании
650 04 a Основная рубрика высшее образование
a Основная рубрика дидактика
a Основная рубрика образование
a Основная рубрика профессиональное образование
a Основная рубрика религиоведение
a Основная рубрика социология
a Основная рубрика социология религии
653 0_ a Ключевые слова история социологии
a Ключевые слова преподавание социологии
a Ключевые слова преподавание социологии религии
a Ключевые слова Россия
a Ключевые слова США
a Ключевые слова университетское образование
a Ключевые слова университеты
773 08 t Заглавие источника Вестник Московского университета. Серия 18, Социология и политология
d Дата издания источника 2009
g Прочая информация № 1. - С. 86 - 100
w Контрольный № источника RU/IS/BASE/299591355
901 t Тип документа b